000 00697nam a2200217 i 4500
001 51919
003 ES-MaACL
005 20230906162455.0
007 t|
008 030821s1979 sp ||||1| spa d
100 1 _aDasgupta, Ajit K.
_942780
245 1 4 _aLos objetivos de la política macroeconómica /
_cAjit K. Dasgupta y A.J. Hagger ; [traductor, José Miguel Cortés].
260 _a[Madrid] :
_bE.M.E.S.A.,
_c[1979]
300 _a602 p. ;
_c23 cm.
490 1 _aBiblioteca universitaria
700 1 _aHagger, A. J.
_961457
700 1 _aCortés, José Miguel.
_940859
830 0 _aBiblioteca universitaria
_9177461
852 _aES-MaACL
_jL-322
_bR.100789
999 _c51919
_d51919